000 00663nam a2200229Ia 4500
003 OSt
005 20220923220302.0
006 a|||||r|||| 00| 0
007 ta
008 220922b |||||||| |||| 00| 0 hin d
024 _a185,701
037 _cTextual
040 _aARTS
_cARTS
_bhin
041 _2hin
_ahin
082 _aY1:1.2, 152K6.1-.2
100 _aमंगलदेव
_9156280
245 0 _aभारतीय संस्कृति का विकास
246 _aBhāratīya sanskṛuti kā vikāsa
260 _c1966
942 _hY1:1.2, 152K6.1-.2
_cTEXL
_2CC
999 _c338947
_d338947